|
|
|
|
| LEADER |
00000nam a2200000 a 4500 |
| 001 |
vtls010638760 |
| 003 |
SK-MaSNL |
| 005 |
20260302015648.0 |
| 008 |
160429s2014 xo f a 100 0 eng |
| 015 |
|
|
|a SNBA2014/12
|
| 020 |
|
|
|a 9788081470226 (brož.)
|
| 035 |
|
|
|a 90211E62-6879-4FEA-889F-3F9F6D526F12
|
| 035 |
|
|
|a urn:nbn:sk:snk-amjpa7
|
| 035 |
|
|
|a urn:nbn:sk:snk-am000zra
|
| 040 |
|
|
|a SNK
|b slo
|c SNK
|e AACR2
|
| 041 |
0 |
|
|a eng
|
| 044 |
|
|
|a xo
|c SK
|
| 072 |
|
7 |
|a 51
|x Matematika
|2 konspekt
|
| 080 |
|
|
|a 51
|2 2001
|
| 080 |
|
|
|a 51-7
|2 2001
|
| 080 |
|
|
|a 519.673
|2 2001
|
| 080 |
|
|
|a 004.42
|2 2001
|
| 080 |
|
|
|a 33
|2 2001
|
| 080 |
|
|
|a 338.45
|2 2001
|
| 080 |
|
|
|a (062.534)
|2 2001
|
| 111 |
2 |
|
|a Mathematical Methods in Economy and Industry
|n (18. :
|d 2014 :
|c Smolenice, Slovensko)
|9 159241
|
| 245 |
1 |
0 |
|a 18th International Conference on Mathematical Methods in Economy and Industry and Summer School on Computational Finance
|b Book of Abstracts and Conference Programme : September 8-12, 2014 in the Smolenice Castle, Slovakia
|c [edited by Mária Trnovská]
|
| 246 |
3 |
|
|a Eighteenth International Conference on Mathematical Methods in Economy and Industry and Summer School on Computational Finance
|
| 246 |
3 |
0 |
|a Book of Abstracts and Conference Programme
|
| 260 |
|
|
|a Bratislava
|b Facuty of Mathematics, Physics and Informatics, Comenius University
|c 2014
|
| 300 |
|
|
|a 75 s.
|c 30 cm
|
| 500 |
|
|
|a Názov z obalu
|
| 500 |
|
|
|a Hrebeňová väzba
|
| 504 |
|
|
|a Bibliogr. ; zoz. účastníkov konf.
|
| 650 |
0 |
7 |
|a matematika
|2 SNKPH
|9 70174
|
| 650 |
0 |
7 |
|a aplikovaná matematika
|2 SNKPH
|9 3498
|
| 650 |
0 |
7 |
|a matematické modelovanie
|2 SNKPH
|9 4279
|
| 650 |
0 |
7 |
|a programovanie
|2 SNKPH
|9 22041
|
| 650 |
0 |
7 |
|a ekonómia
|2 SNKPH
|9 788
|
| 650 |
0 |
7 |
|a priemysel
|2 SNKPH
|9 1618
|
| 650 |
0 |
7 |
|a Mathematics
|2 SNKPHeng
|9 265620
|
| 650 |
0 |
7 |
|a Applied mathematics
|2 SNKPHeng
|9 331287
|
| 650 |
0 |
7 |
|a Mathematical modeling
|2 SNKPHeng
|9 98788
|
| 650 |
0 |
7 |
|a Programming
|2 SNKPHeng
|9 302464
|
| 650 |
0 |
7 |
|a Economics
|2 SNKPHeng
|9 265310
|
| 650 |
0 |
7 |
|a Industries
|2 SNKPHeng
|9 266449
|
| 655 |
|
7 |
|a zborníky konferencií
|2 SNKPH
|9 70153
|
| 655 |
|
7 |
|a Proceedings of conferences
|2 SNKPHeng
|9 265791
|
| 700 |
1 |
|
|a Trnovská, Mária
|4 edt
|9 333714
|
| 710 |
2 |
|
|a Comenius University (Bratislava, Slovakia).
|b Facuty of Mathematics, Physics and Informatics
|4 pbl
|9 661631
|
| 919 |
|
|
|a 978-80-8147-022-6
|
| 958 |
|
|
|a NB
|
| 999 |
|
|
|c 1022090
|d 1024020
|
| 952 |
|
|
|a SNK
|b SNK
|y PREZ
|7 0
|p 17A1120471
|o snkSB 87503
|i snk2014/26159
|8 0
|0 0
|1 0
|4 0
|d 2014-11-26
|f 1
|l 0
|r 2025-05-12 00:00:00
|w 2026-02-24
|
| 952 |
|
|
|a SNK
|b SNK
|y VYP
|7 0
|p 17A1120470
|o snkSB 87503 D1
|i snk2014/26160
|8 0
|0 0
|1 0
|4 0
|d 2014-11-26
|l 0
|r 2016-06-30 00:00:00
|w 2026-02-24
|